A history of the modern world / (Record no. 466)

MARC details
000 -LEADER
fixed length control field 00576cam a2200169 4500
001 - CONTROL NUMBER
control field 630
008 - FIXED-LENGTH DATA ELEMENTS--GENERAL INFORMATION
fixed length control field 720720s1965 nyuab b 000 0 eng
010 ## - LIBRARY OF CONGRESS CONTROL NUMBER
LC control number 65011962
100 1# - MAIN ENTRY--PERSONAL NAME
Personal name Palmer, R. R.
Fuller form of name (Robert Roswell),
Dates associated with a name 1909-2002.
245 12 - TITLE STATEMENT
Title A history of the modern world /
Statement of responsibility, etc. R. R. Palmer, revised with the collaboration of Joel Colton.
250 ## - EDITION STATEMENT
Edition statement 2nd ed.
260 ## - PUBLICATION, DISTRIBUTION, ETC.
Place of publication, distribution, etc. New York :
Name of publisher, distributor, etc. Knopf,
Date of publication, distribution, etc. 1963.
300 ## - PHYSICAL DESCRIPTION
Extent xiv, 996 p, xxxv p. :
Other physical details ill., maps ;
Dimensions 24 cm.
504 ## - BIBLIOGRAPHY, ETC. NOTE
Bibliography, etc. note Bibliography: p. [931]-996.
650 #0 - SUBJECT ADDED ENTRY--TOPICAL TERM
Topical term or geographic name entry element History, Modern.
700 10 - ADDED ENTRY--PERSONAL NAME
Personal name Colton, Joel G.,
Dates associated with a name 1918-
Relator term joint author.
Holdings
Withdrawn status Lost status Source of classification or shelving scheme Damaged status Not for loan Collection code Home library Current library Shelving location Date acquired Serial Enumeration / chronology Inventory number Total Checkouts Total Renewals Full call number Barcode Date last seen Date last checked out Price effective from Koha item type
    Dewey Decimal Classification     Main TEST RTC Library RTC Library Main opac 27/11/2018 1460 7 3 909 PAL 30001303 26/03/2022 21/03/2022 27/11/2018 Main
Royal Thimphu College || All Right Reserved